5HLuxD.jpg

KING HENRY VIII SENIOR AND PRIMARY SCHOOL LIBRARY OPAC

Sun and the wind / (Record no. 2280)

000 -LEADER
fixed length control field 00951pam a2200313 a 4500
001 - CONTROL NUMBER
control field 014627036
003 - CONTROL NUMBER IDENTIFIER
control field Uk
005 - DATE AND TIME OF LATEST TRANSACTION
control field 20230410095500.0
008 - FIXED-LENGTH DATA ELEMENTS--GENERAL INFORMATION
fixed length control field 080422s2008 enka j 000 1 eng d
015 ## - NATIONAL BIBLIOGRAPHY NUMBER
National bibliography number GBA870968
Source bnb
016 7# - NATIONAL BIBLIOGRAPHIC AGENCY CONTROL NUMBER
Record control number 014627036
Source Uk
020 ## - INTERNATIONAL STANDARD BOOK NUMBER
International Standard Book Number 9780746095836 (hbk.) :
040 ## - CATALOGING SOURCE
Original cataloging agency StDuBDS
Language of cataloging eng
Transcribing agency StDuBDS
Modifying agency Uk
-- KH8
042 ## - AUTHENTICATION CODE
Authentication code ukblcatcopy
082 04 - DEWEY DECIMAL CLASSIFICATION NUMBER
Classification number 823.92 MAC
Edition number 22
100 1# - MAIN ENTRY--PERSONAL NAME
Personal name Mackinnon, Mairi.
Relator term author
245 10 - TITLE STATEMENT
Title Sun and the wind /
Statement of responsibility, etc. Mairi Mackinnon ; illustrated by Francesca Di Chiara.
260 ## - PUBLICATION, DISTRIBUTION, ETC.
Place of publication, distribution, etc. London :
Name of publisher, distributor, etc. Usborne,
Date of publication, distribution, etc. 2008.
300 ## - PHYSICAL DESCRIPTION
Extent 1 v. : 24p;
Other physical details chiefly col. ill. ;
Dimensions 25 cm.
336 ## - CONTENT TYPE
Content type term text
Source rdacontent
337 ## - MEDIA TYPE
Media type term unmediated
Source rdamedia
338 ## - CARRIER TYPE
Carrier type term volume
Source rdacarrier
490 0# - SERIES STATEMENT
Series statement Picture storybooks
500 ## - GENERAL NOTE
General note Formerly CIP.
Institution to which field applies Uk
655 #7 - INDEX TERM--GENRE/FORM
Genre/form data or focus term Fables.
Source of term gsafd
655 #7 - INDEX TERM--GENRE/FORM
Genre/form data or focus term Children's stories
Form subdivision Pictorial works.
Source of term gsafd
700 1# - ADDED ENTRY--PERSONAL NAME
Personal name Di Chiara, Francesca.
Relator term illustrator
942 ## - ADDED ENTRY ELEMENTS (KOHA)
Source of classification or shelving scheme
Koha item type Books - Non Ficton
Holdings
Withdrawn status Lost status Source of classification or shelving scheme Damaged status Not for loan Collection code Permanent Location Current Location Shelving location Date acquired Full call number Barcode Date last seen Price effective from Koha item type
          Non-Fiction KH8 Primary School Library KH8 Primary School Library Non Fiction 2023-04-10 823.92 MAC KHPL000004027 2025-12-05 2023-04-10 Books - Non Ficton

Powered By KH8 IT Dept